Quiz sur le groupe - Statistics

General Stats
  • This quiz has been taken 36 times
    8 since last reset
  • The average score is 11 of 21
Answer Stats
Question Answer % Correct
Qui a été expulsé en secondaire 2 Vlad
100%
Qui a les cheveux jaune Elliott
67%
Qui a le pseudo PlayStation TNTr4cker04 Elliott
67%
Qui a acheté un lego lors d’une sortie au Carrefour Laval Guillaume
67%
Qui mange de la pizza à chaque semaine Justin
67%
Qui est italien Justin
67%
Qui est le pire au soccer Maceo
67%
Qui a le plus vieux dégradé du groupe Nicolas Desrosiers
67%
Qui est chauve Nicolas Poitras
67%
Qui a mit un tacle assassin lors de l’hiver 2023 sur Maceo William
67%
Qui est autochtone Elliott
33%
Qui a des ramens sur la tête Elliott
33%
Qui est Belge Guillaume
33%
Qui est maître d’une ferme Guillaume
33%
Qui est noir Maceo
33%
Qui a la maison la plus BS Nicolas Desrosiers
33%
Qui est autiste Nicolas Desrosiers
33%
Qui est le plus raciste Nicolas Desrosiers
33%
Qui est Irlandais Nicolas Poitras
33%
Qui est le plus petit Olivier
33%
Qui est le plus grand William
33%
No matching quizzes found
Score Distribution
Percent of People with Each Score
Percentile by Number Answered
Your Score History
You have not taken this quiz since the last reset